Kolory po francusku - Statystyki

Ogólne statystyki
  • Ten quiz został rozwiązany 153 razy
  • Średni wynik to 8 z 10
Statystyki odpowiedzi
Hint Odpowiedź % Poprawnych
Pomarańczowy Orange
89%
Biały Blanc
88%
Czarny Noir
88%
Niebieski Bleu
85%
Czerwony Rouge
85%
Różowy Rose
83%
Zielony Vert
83%
Fioletowy Violet
82%
Szary Gris
71%
Żółty Jaune
70%
Nie znaleziono quizów pasujących do podanych kryteriów
Rozkład punktacji
Procent ludzi z każdym wynikiem
Percentyl według liczby udzielonych odpowiedzi
Twoja historia wyników
Nie rozwiązałeś tego quizu